Statistics for PICTURE VOCABULARY - 'B'

Click here to take the quiz!

General Stats

  • This quiz has been taken 21 times
  • The average score is 6 of 16

Answer Stats

Answer% Correct
Bambi
80%
Basil
75%
Baboon
65%
Botswana
60%
Bulgaria
55%
Blue cheese
50%
Bone marrow
50%
Burgundy
35%
Bismuth
30%
Brioche buns
30%
Buckingham palace
25%
Bali
20%
Bolognese
20%
Burberry
10%
Barren island
5%
Bartholomeo Dias
5%

Score Distribution

Percentile by Number Answered

Percent of People with Each Score

Your Score History

You have not taken this quiz